Investigations in the chemical modification of rubberwood (Record no. 48258)

MARC details
000 -LEADER
fixed length control field 00495nam a2200133Ia 4500
100 ## - MAIN ENTRY--AUTHOR NAME
Personal name Menon C C
245 #0 - TITLE STATEMENT
Title Investigations in the chemical modification of rubberwood
260 ## - PUBLICATION, DISTRIBUTION, ETC. (IMPRINT)
Name of publisher In: Proceedings of the National Seminar on Processing and Utilisation of Plantation Timbers and Bamboo, 23-24 July 1998, IPIRTI, Bangalore, India. pp.158-163.
650 ## - SUBJECT ADDED ENTRY--TOPICAL TERM
Topical Term Chemical modification
650 ## - SUBJECT ADDED ENTRY--TOPICAL TERM
Topical Term Kerala
650 ## - SUBJECT ADDED ENTRY--TOPICAL TERM
Topical Term Wood properties
942 ## - ADDED ENTRY ELEMENTS (KOHA)
Koha item type Bibliography RLWO
Holdings
Withdrawn status Lost status Damaged status Not for loan Home library Current library Date acquired Koha item type
      Bibliography RRII Library RRII Library 31/12/2021 Bibliography RLWO